| 000 | 01665nam a22004337a 4500 | ||
|---|---|---|---|
| 003 | CHAP | ||
| 005 | 20220817041134.0 | ||
| 008 | 971013s1919 r 00010 d | ||
| 010 | _a7234 | ||
| 011 | _a8206 | ||
| 035 | _a7431 | ||
| 040 | _cCHAP | ||
| 082 |
_a317.2 _bM32 |
||
| 110 |
_aMacro Asesoría Económica, S.C. México _969544 |
||
| 245 |
_aRealidad económica de México _b: compendio estadístico |
||
| 260 |
_aMéxico, D.F. : _bIberoamericana, _c19 -19 . |
||
| 300 | _av. | ||
| 500 | _aLa biblioteca tiene: 1991, 1992, 1993, 1995, | ||
| 590 |
_aBATCH-UPD _b10 _c20130110 _lUCH01 _h0232 |
||
| 590 |
_aBATCH-UPD _b10 _c20130110 _lUCH01 _h0928 |
||
| 590 |
_aBATCH-UPD _b10 _c20130409 _lUCH01 _h2255 |
||
| 590 |
_aBATCH-UPD _b10 _c20130410 _lUCH01 _h1254 |
||
| 590 |
_aBATCH-UPD _b10 _c20130914 _lUCH01 _h1203 |
||
| 590 |
_aCONVERSION _b10 _c20130109 _lUCH01 _h1305 |
||
| 650 | 1 | 4 |
_aDeuda pública. _932222 |
| 650 | 1 | 4 |
_aEmpleo _zMéxico. _936587 |
| 650 | 1 | 4 |
_aFinanzas públicas _zMéxico. _940975 |
| 650 | 1 | 4 |
_aMéxico _xCondiciones económicas. |
| 650 | 1 | 4 |
_aMéxico _xEstadísticas. _976743 |
| 650 | 1 | 4 |
_aPrecios _xMéxico. _991348 |
| 650 | 1 | 4 |
_aSalarios _zMéxico. _9101273 |
| 901 | _aBK | ||
| 942 | _cLIBRO | ||
| 949 |
_a317.2 M32 _bBC _cC _d33724000397162 _eC _f1991 _gI.167503 _h83763 _i7431 _sb _t265.00 |
||
| 949 |
_a317.2 M32 _bBC _cC _d33724000487617 _eC _f1992 _gI.167503 _h83764 _i7431 _si _t265.00 |
||
| 949 |
_a317.2 M32 _bBC _cC _d33724000487625 _eC _f1993 c.2 _gI.167503 _h83766 _i7431 _sb _t265.00 |
||
| 949 |
_a317.2 M32 _bBC _cC _d33724000579181 _eC _f1993 _gI.167503 _h83765 _i7431 _sb _t265.00 |
||
| 949 |
_a317.2 M32 _bBC _cC _d33724002201504 _eC _f1995 _h88031 _i7431 _si _t395.00 |
||
| 999 |
_c7234 _d7234 |
||